FAO forestry paper N.92 Forestry policies in Europe: an analysis
Saved in:
| Main Author: | |
|---|---|
| Format: | Book |
| Language: | Undetermined |
| Published: |
Rome
FAO
1989
|
| Subjects: | |
| Tags: |
Add Tag
No Tags, Be the first to tag this record!
|
| Institutions: | Trung tâm Học liệu Trường Đại học Cần Thơ |
|---|
| LEADER | 00553nam a2200193Ia 4500 | ||
|---|---|---|---|
| 001 | CTU_3946 | ||
| 008 | 210402s9999 xx 000 0 und d | ||
| 082 | |a 634 | ||
| 082 | |b F716/N.92 | ||
| 100 | |a F C Hummel | ||
| 245 | 0 | |a FAO forestry paper N.92 | |
| 245 | 0 | |b Forestry policies in Europe: an analysis | |
| 245 | 0 | |c F C Hummel, FAO | |
| 260 | |a Rome | ||
| 260 | |b FAO | ||
| 260 | |c 1989 | ||
| 650 | |a forest management,forests and forestry | ||
| 904 | |i Nguyễn Quang Điền, 960530 | ||
| 980 | |a Trung tâm Học liệu Trường Đại học Cần Thơ | ||